A-Z Pop Groups - Statistics

General Stats
  • This quiz has been taken 54 times
  • The average score is 8 of 26
Answer Stats
Hint Answer % Correct
B - Massachussetts, You Win Again Bee Gees
73%
Q - Hammer To Fall, One Vision Queen
73%
A - The Sign, Life Is A Flower Ace Of Base
68%
K - Ooh To Be Ahh, Too Shy Kajagoogoo
59%
C - Hard Habit To Break, Hard To Say I'm Sorry Chicago
54%
F - Big Girls Don't Cry, Silver Star Four Seasons
43%
S - I Don't Feel Like Dancing, Laura Scissor Sisters
38%
X - Sgt. Rock Is Going To Help Me, Life At The Hop XTC
38%
Z - Valerie, Pressure Point Zutons
35%
T - Pump Up The Jam, Rockin' Over The Beat Technotronic
32%
M - Sing It Back, The Time Is Now Moloko
27%
E - Love To Hate You, Sometimes Erasure
24%
Y - Wonderous Stories, Going For The One Yes
24%
G - No Good Advice, The Promise Girls Aloud
22%
H - I'm Alive, Stop Stop Stop Hollies
22%
I - Body Talk, Just An Illusion Imagination
22%
N - Broken Down Angel, My White Bicycle Nazareth
22%
O - Use It Up Wear It Out, Inside Out Odyssey
22%
R - Can't Get By Without You, Can You Feel The Force Real Thing
22%
V - Fade To Grey, Night Train Visage
22%
D - Mirror Mirror, Loves Got A Hold On Me Dollar
19%
U - Sleepwalk, Hymn Ultravox
16%
L - Just A Little, Song 4 Lovers Liberty X
14%
J - April Skies, Reverence Jesus And Mary Chain
11%
P - Message Of Love, Hymn To Her Pretenders
11%
W - Let's Dance To Joy Division, Moving To New York Wombats
8%
No matching quizzes found
Score Distribution
Percent of People with Each Score
Percentile by Number Answered
Your Score History
You have not taken this quiz